000 00463nam a2200157 a 4500
001 000049132
005 20201002061700.0
008 190722s1951 dr a r 000 0 spa d
040 _aDO-SdBNP
_bspa
_cBNPHU
082 _axxxx
_bS714e
100 1 _aSoriano, Germán
_937980
245 1 0 _aEn río verde del Cibao /
_cGermán Soriano.
260 _aSanto Domingo :
_bImpresora Dominicana,
_c1951.
300 _a67 p. :
_bil. ;
_c20 cm.
590 _aInventariado, 2019/BT
999 _c48620
_d48620